000 01530cam a22002775a 4500
008 040128s2003 000 0 eng u
020 _a0406965927
035 _a(Sirsi) u124932
041 _aeng
050 _a711.58
_c18
245 _aHousing and regeneration
_ba guide to policy, law and practice
260 _aButterworths Tolley
_c2003
300 _axxxi, 825p.
_c26cm.
350 _a80
520 _aThis text is divided into three parts. The first part outlines current government policy in the context of housing and regeneration. Topics include securing regeneration and achieving investment in social housing. The central part is divided into two, the first section deals with the role of the local authority and it's various powers and constraints. With the second section looking at the role of the local authority's private sector partner. The final part looks at how this law is put into practice. In particular considering the mechanisims by which local authorities, social landlords and others work together to deliver housing and regeneration. Topics include registered social landlords, not for profit organisations. private sectors organisations, limited liability partnerships, tenant bodies and contractual networks.
650 _aHOUSING
650 _aLAW-UK
650 _aLOCAL AUTHORITIES
650 _aSOCIAL HOUSING
650 _aHOUSING ASSOCIATIONS
650 _aNOT FOR PROFIT ORGANISATIONS
650 _aPFI
690 _aREGENERATION
700 _aDoolittle, I
942 _n0
999 _c103313
_d103313